अजंता का वैभव (Record no. 22095)
[ view plain ]
| 000 -LEADER | |
|---|---|
| fixed length control field | 005070000a22001810004500 |
| 003 - CONTROL NUMBER IDENTIFIER | |
| control field | MACL |
| 005 - DATE AND TIME OF LATEST TRANSACTION | |
| control field | 20160421155745.0 |
| 008 - FIXED-LENGTH DATA ELEMENTS--GENERAL INFORMATION | |
| fixed length control field | 160421b xxu||||| |||| 00| 0 eng d |
| 040 ## - CATALOGING SOURCE | |
| Original cataloging agency | MACL |
| Transcribing agency | MACL |
| 041 ## - LANGUAGE CODE | |
| Language code of text/sound track or separate title | Hindi |
| 082 ## - DEWEY DECIMAL CLASSIFICATION NUMBER | |
| Classification number | 740 |
| 100 ## - MAIN ENTRY--PERSONAL NAME | |
| Personal name | प्रकाश अरूण |
| 9 (RLIN) | 53216 |
| 245 ## - TITLE STATEMENT | |
| Title | अजंता का वैभव |
| 260 ## - PUBLICATION, DISTRIBUTION, ETC. (IMPRINT) | |
| Name of publisher, distributor, etc. | प्रकाशन विभाग |
| Date of publication, distribution, etc. | 1994 |
| Place of publication, distribution, etc. | नई दिल्ली |
| 350 ## - PRICE (NR) (BK AM CF MU VM SE) [OBSOLETE] | |
| Price | 800 |
| 650 ## - SUBJECT ADDED ENTRY--TOPICAL TERM | |
| Topical term or geographic name as entry element | Scupture |
| 9 (RLIN) | 53038 |
| 942 ## - ADDED ENTRY ELEMENTS (KOHA) | |
| Koha item type | Hindi Books |
| Call number prefix | 740 |
| Source of classification or shelving scheme | |
| Withdrawn status | Lost status | Source of classification or shelving scheme | Damaged status | Not for loan | Home library | Current library | Date acquired | Total Checkouts | Full call number | Barcode | Date last seen | Date last checked out | Uniform Resource Identifier | Price effective from | Koha item type |
|---|---|---|---|---|---|---|---|---|---|---|---|---|---|---|---|
| MACL | MACL | 15/04/2015 | 2 | 740 | CRH008325 | 12/02/2017 | 01/02/2017 | 22046 | 15/04/2015 | Books |









